banner koha

Zoneamento agroclimático para a cultura de café (Coffea arabica L.)no estado de Goiás e sudoeste do estado da Bahia (Registro n. 175918)

MARC details
000 -LÍDER
campo de controle de tamanho fixo 01118nas a2200373 4500
001 - NÚMERO DE CONTROLE
campo de controle BR0304169
003 - IDENTIFICADOR DO NÚMERO DE CONTROLE
campo de controle BR-BrBNA
005 - DATA E HORÁRIO DA ÚLTIMA TRANSAÇÃO
campo de controle 20231205104015.0
007 - CAMPO FIXO DE DESCRIÇÃO FÍSICA--INFORMAÇÃO GERAL
campo de controle de tamanho fixo ta
008 - CAMPO DE DADOS FIXOS--INFORMAÇÃO GERAL
campo de controle de tamanho fixo 230509b bl.|||p| |||| 00| 00por d
040 ## - FONTE DA CATALOGAÇÃO
Instituição da catalogação original BR-BrBNA
Idioma da catalogação por
Instituição que transcreveu o registro Biblioteca Nacional de Agricultura
041 ## - CÓDIGO DE IDIOMA
Código do idioma do texto/trilha sonora ou título diferente (Pt)
072 ## - CÓDIGO DE CATEGORIA DE ASSUNTO
Código de Categoria de Assunto E11; P40
100 1# - ENTRADA PRINCIPAL--NOME PESSOAL
Nome pessoal Assad, E.D.
100 1# - ENTRADA PRINCIPAL--NOME PESSOAL
Nome pessoal Evangelista, B.A.
100 1# - ENTRADA PRINCIPAL--NOME PESSOAL
Nome pessoal Silva, F.A.M da
100 1# - ENTRADA PRINCIPAL--NOME PESSOAL
Nome pessoal Cunha, S.A.R. da
100 1# - ENTRADA PRINCIPAL--NOME PESSOAL
Nome pessoal Alves, E.R.
100 1# - ENTRADA PRINCIPAL--NOME PESSOAL
Nome pessoal Lopes, T.S. de S.
100 1# - ENTRADA PRINCIPAL--NOME PESSOAL
Nome pessoal Pinto, H.S.
100 1# - ENTRADA PRINCIPAL--NOME PESSOAL
Nome pessoal Zullo Junior, J.
245 1# - TÍTULO
Título Zoneamento agroclimático para a cultura de café (Coffea arabica L.)no estado de Goiás e sudoeste do estado da Bahia
650 ## - ASSUNTO--TERMO TÓPICO
Cabeçalho tópico ou nome geográfico CAFÉ
650 ## - ASSUNTO--TERMO TÓPICO
Cabeçalho tópico ou nome geográfico ZONEAMENTO AGRÍCOLA
650 ## - ASSUNTO--TERMO TÓPICO
Cabeçalho tópico ou nome geográfico ZONEAMENTO CLIMÁTICO
650 ## - ASSUNTO--TERMO TÓPICO
Cabeçalho tópico ou nome geográfico BALANÇO HÍDRICO
650 ## - ASSUNTO--TERMO TÓPICO
Cabeçalho tópico ou nome geográfico CERRADO
650 ## - ASSUNTO--TERMO TÓPICO
Cabeçalho tópico ou nome geográfico TEMPERATURA
650 ## - ASSUNTO--TERMO TÓPICO
Cabeçalho tópico ou nome geográfico GOIÁS
650 ## - ASSUNTO--TERMO TÓPICO
Cabeçalho tópico ou nome geográfico BAHIA
773 0# - ENTRADA ANALÍTICA
Título Revista Brasileira de Agrometeorologia (Brazil)
ISSN - International Standard Serial Number ISSN 0104-1347
Partes relacionadas (Dec 2001), v. 9(3) p. 510-518
Número de controle do registro BR0304169
909 ## -
-- 202311
-- Lúcia
-- 55
-- Lúcia Elande
942 ## - ELEMENTOS DE ENTRADA ADICIONADOS (KOHA)
Fonte da classificação ou esquema de arquivamento na estante Classificação AGRIS
Ocultar no OPAC Não
Tipo de material Koha Analítica
Exemplares
Situação do descarte Fonte da classificação ou esquema de arquivamento na estante Situação física Não pode ser emprestado Biblioteca de origem Biblioteca atual Localização na estante Enumeração do periódico / cronologia Total de empréstimos Data de último acesso Número do exemplar Tipo de material Koha Fonte de aquisição
  Classificação AGRIS   Consulta local Biblioteca Nacional de Agricultura - Binagri Biblioteca Nacional de Agricultura - Binagri   (Dec 2001), v. 9(3) p. 510-518   29/11/2023 01 Periódicos Portaria Interministerial nº 164/94

BINAGRI

Telefone: (61)3218-2567/2388/3357/2097 - binagri@agro.gov.br

Ministério da Agricultura e Pecuária , Esplanada dos Ministérios, Bloco D, Anexo B, Brasília/DF, CEP: 70.043-900